Statistics for Spain World Cup Squad 2014

Click here to take the quiz!

General Stats

  • This quiz has been taken 315 times
  • The average score is 16 of 24

Answer Stats

PositionPlayer% Correct
GKIker Casillas
96%
MFAndrés Iniesta
90%
DFSergio Ramos
90%
MFXavi Hernández
90%
DFGerard Piqué
86%
GKDavid De Gea
85%
FWDavid Villa
78%
GKPepe Reina
77%
FWDavid Silva
74%
MFSergio Busquets
73%
ManagerVicente Del Bosque
73%
MFXabi Alonso
64%
DFJordi Alba
63%
FWDiego Costa
62%
FWPedro Rodríguez
57%
FWFernando Torres
56%
MFKoke Resurrección
52%
FWJuan Mata
50%
DFCésar Azpilicueta
48%
MFCesc Fàbregas
48%
DFJuanfran Torres
48%
DFRaul Albiol
43%
FWSantiago Cazorla
33%
DFJavi Martinez
26%

Score Distribution

Percentile by Number Answered

Percent of People with Each Score

Your Score History

You have not taken this quiz